书目信息 |
| 题名: |
心理医生信箱
|
|
| 作者: | 苏复 编 | |
| 分册: | ||
| 出版信息: | 福州 福建科学技术出版社 |
|
| 页数: | 187页 | |
| 开本: | 32开 | |
| 丛书名: | ||
| 单 册: | ||
| 中图分类: | R84 | |
| 科图分类: | ||
| 主题词: | 潜水医学 | |
| 电子资源: | ||
| ISBN: | 7-5335-0133-0 | |
| 000 | 00520nam0 2200193 45 | |
| 001 | 0006200940 | |
| 005 | 20000620094740.4 | |
| 010 | @a7-5335-0133-0@d1.20元 | |
| 100 | @a20000620d km y0chiy0120 ea | |
| 101 | 0 | @achi |
| 105 | @a z 000yy | |
| 200 | 1 | @a心理医生信箱@AXin Li Yi Sheng Xin Xiang@f苏复等编@FSu Fu Deng Bian |
| 210 | @a福州@c福建科学技术出版社 | |
| 215 | @a187页@d32开 | |
| 606 | 0 | @a潜水医学 |
| 690 | @aR84@v3 | |
| 701 | 0 | @a苏复@4编 |
| 801 | @aCN@bPftUser@c20000620 | |
| 905 | @b208523@dR84@eS.578@f1 | |
| 心理医生信箱/苏复等编.-福州:福建科学技术出版社 |
| 187页;32开 |
| ISBN 7-5335-0133-0:1.20元 |
| ● |
| 相关链接 |
|
|
|
正题名:心理医生信箱
索取号:R84/S.578
 
预约/预借
| 序号 | 登录号 | 条形码 | 馆藏地/架位号 | 状态 | 备注 |
| 1 | 208523 | 202085233 | 自科库401/401自科库 22排2列1层/ [索取号:R84/S.578] | 在馆 |